MARC details
| 000 -LEADER |
| fixed length control field |
011040000a22002290004500 |
| 003 - CONTROL NUMBER IDENTIFIER |
| control field |
LK-CoMWRAF |
| 008 - FIXED-LENGTH DATA ELEMENTS--GENERAL INFORMATION |
| fixed length control field |
230817t ||||| |||| 00| 0 eng d |
| 040 ## - CATALOGING SOURCE |
| Original cataloging agency |
LK-CoMWRAF |
| Modifying agency |
LK-CoMWRAF |
| Description conventions |
LK-CoMWRAF |
| 041 ## - LANGUAGE CODE |
| Language code of text/sound track or separate title |
English |
| 942 ## - ADDED ENTRY ELEMENTS (KOHA) |
| Koha item type |
Books |
| 245 ## - TITLE STATEMENT |
| Title |
A Hymn to Creation |
| Remainder of title |
Essays in Women & Religion |
| 260 ## - PUBLICATION, DISTRIBUTION, ETC. (IMPRINT) |
| Name of publisher, distributor, etc. |
Centre for Society & Religion |
| Place of publication, distribution, etc. |
Sri Lanka (Colombo 10) |
| Date of publication, distribution, etc. |
1986 |
| 300 ## - PHYSICAL DESCRIPTION |
| Extent |
p.108 |
| 490 ## - SERIES STATEMENT |
| Series statement |
Logos - Volume 25 - No. 01 - May 1986 |
| 650 ## - SUBJECT ADDED ENTRY--TOPICAL TERM |
| Topical term or geographic name as entry element |
A Statement on the Status, Role and Responsibility of the Muslim Woman (Jezima Ismail) |
| 650 ## - SUBJECT ADDED ENTRY--TOPICAL TERM |
| Topical term or geographic name as entry element |
A Women's Universe (Kajsa Ahlstrand) |
| 650 ## - SUBJECT ADDED ENTRY--TOPICAL TERM |
| Topical term or geographic name as entry element |
Images of the Feminine in Religion with Special reference to Christian, Buddhist and Hindu Scriptures (Nirmala Salgado) |
| 650 ## - SUBJECT ADDED ENTRY--TOPICAL TERM |
| Topical term or geographic name as entry element |
The Origins of the Bible Revisited Reconstructing Women's History (Dr. Gabriele Dietrich) |
| 650 ## - SUBJECT ADDED ENTRY--TOPICAL TERM |
| Topical term or geographic name as entry element |
The Risen Christ and Ending, The Opperssion and Subjugation of Women, The Poor and the Downtrodden (Pauline Hensman) |
| 650 ## - SUBJECT ADDED ENTRY--TOPICAL TERM |
| Topical term or geographic name as entry element |
Towards a Theology of Womanhood (Sr. Milburga Fernando) |
| 650 ## - SUBJECT ADDED ENTRY--TOPICAL TERM |
| Topical term or geographic name as entry element |
What then is Feminist Theology? (Bernadeen Silva) |